[Event "BL 1415 Hansa Dortmund - Schwäbisch Ha"]
[Site "?"]
[Date "2015.04.12"]
[Round "15.4"]
[White "Tari, Aryan"]
[Black "Cornette, Matthieu"]
[Result "1/2-1/2"]
[WhiteElo "2513"]
[BlackElo "2588"]
[PlyCount "108"]
[EventDate "2015.??.??"]

1. c4 Nf6 2. Nc3 e6 3. e4 d5 4. cxd5 exd5 5. e5 Ne4 6. d4 Bb4 7. Qa4+ Nc6 8.
Bb5 O-O 9. Nge2 Nxd4 10. Nxd4 c5 11. Nde2 d4 12. a3 dxc3 13. O-O Nd2 14. Rd1 a6
15. bxc3 axb5 16. Qc2 Bf5 17. Qxd2 Qxd2 18. Rxd2 Ba5 19. Bb2 Be6 20. Ng3 Rfd8
21. Rad1 Re8 22. f4 b4 23. axb4 cxb4 24. Ne4 Bb6+ 25. Kh1 Be3 26. Rd3 bxc3 27.
Bxc3 Bxf4 28. Nd6 Reb8 29. Nxb7 Bb3 30. Ra1 Rxa1+ 31. Bxa1 Be6 32. Rd1 h5 33.
Nd6 Bg4 34. Rf1 Be2 35. Re1 Bd2 36. Rg1 Be3 37. Re1 Bd2 38. Rg1 Rb4 39. h3 h4
40. Nf5 Rf4 41. Nd4 Bc4 42. Nf3 Be3 43. Rd1 Kh7 44. Bd4 Bxd4 45. Rxd4 Rxd4 46.
Nxd4 Kg6 47. Nf3 Kh5 48. Kg1 g5 49. Kf2 Bd5 50. Nd4 g4 51. hxg4+ Kxg4 52. Ne2
Kf5 53. g3 h3 54. Kg1 Kxe5 1/2-1/2

[Event "BL 1415 Hansa Dortmund - Schwäbisch Ha"]
[Site "?"]
[Date "2015.04.12"]
[Round "15.5"]
[White "Wirig, Anthony"]
[Black "Wegener, Olaf"]
[Result "1/2-1/2"]
[WhiteElo "2490"]
[BlackElo "2438"]
[PlyCount "51"]
[EventDate "2015.??.??"]

1. d4 Nf6 2. c4 e6 3. Nf3 b6 4. g3 Ba6 5. b3 Bb4+ 6. Bd2 Be7 7. Nc3 O-O 8. e4
d5 9. cxd5 Bxf1 10. Kxf1 exd5 11. e5 Ne4 12. Kg2 Nxc3 13. Bxc3 c5 14. Qd3 Nc6
15. Rad1 cxd4 16. Bxd4 Qd7 17. Bc3 Rfd8 18. Rhe1 Rac8 19. Nd4 Nxd4 20. Bxd4 Rc6
21. Rc1 Rh6 22. h4 Ba3 23. Rc2 Rc6 24. Rxc6 Qxc6 25. Re2 Qd7 26. Qf3 1/2-1/2

[Event "BL 1415 Hansa Dortmund - Schwäbisch Ha"]
[Site "?"]
[Date "2015.04.12"]
[Round "15.6"]
[White "Zelbel, Patrick"]
[Black "Womacka, Mathias"]
[Result "1/2-1/2"]
[WhiteElo "2446"]
[BlackElo "2442"]
[PlyCount "46"]
[EventDate "2015.??.??"]

1. e4 c5 2. c3 d5 3. exd5 Qxd5 4. Nf3 Nf6 5. Na3 e6 6. d4 Nc6 7. Be3 cxd4 8.
Nb5 Qd7 9. Nbxd4 Nd5 10. Qc2 Nxe3 11. fxe3 Qc7 12. O-O-O Bd7 13. Kb1 a6 14. Bd3
g6 15. h4 Bg7 16. Nxc6 Bxc6 17. Be4 Rc8 18. h5 Bxe4 19. Qxe4 Qb6 20. Qa4+ Qc6
21. Qxc6+ Rxc6 22. e4 h6 23. Kc2 g5 1/2-1/2

[Event "BL 1415 Hansa Dortmund - Schwäbisch Ha"]
[Site "?"]
[Date "2015.04.12"]
[Round "15.7"]
[White "Raykhman, Alexander"]
[Black "Tuncer, Ufuk"]
[Result "1-0"]
[WhiteElo "2416"]
[BlackElo "2329"]
[PlyCount "81"]
[EventDate "2015.??.??"]

1. d4 Nf6 2. Nf3 g6 3. c4 Bg7 4. Nc3 O-O 5. e4 d6 6. Be2 e5 7. Be3 h6 8. O-O
Ng4 9. Bc1 Nc6 10. d5 Ne7 11. Ne1 f5 12. Bxg4 fxg4 13. Nd3 g5 14. c5 Ng6 15.
Be3 Rf7 16. Rc1 Bf8 17. cxd6 cxd6 18. Nb5 a6 19. Na3 b5 20. Nb4 Nf4 21. Nc6 Qf6
22. Nb1 Qg6 23. Nd2 Bd7 24. a4 Qh5 25. Ra1 Rc8 26. axb5 axb5 27. Ra6 Bg7 28.
Rb6 Rcf8 29. Rb8 Bc8 30. Na7 Ba6 31. Rxf8+ Bxf8 32. b4 Rc7 33. Nc6 Bb7 34. Nb1
Qe8 35. Bxf4 exf4 36. Nc3 Rf7 37. Qxg4 f3 38. gxf3 Rf4 39. Qg3 Bc8 40. Nxb5 Qh5
41. Nbd4 1-0

[Event "BL 1415 Hansa Dortmund - Schwäbisch Ha"]
[Site "?"]
[Date "2015.04.12"]
[Round "15.8"]
[White "Karger, Frank"]
[Black "Pogan, Nikolas"]
[Result "1-0"]
[WhiteElo "2260"]
[BlackElo "2298"]
[PlyCount "63"]
[EventDate "2015.??.??"]

1. d4 d5 2. c4 c6 3. Nf3 Nf6 4. e3 g6 5. Bd3 Bg7 6. O-O O-O 7. b3 Bf5 8. Bb2
Nbd7 9. Nc3 a6 10. a4 Re8 11. h3 Qb6 12. a5 Qc7 13. Bxf5 gxf5 14. Qd3 e6 15.
Rfc1 Qd8 16. Nd2 Ne4 17. f3 Nxd2 18. Qxd2 Qg5 19. Ne2 Kh8 20. Nf4 Bh6 21. Re1
Rg8 22. Qf2 Rg7 23. Kh1 Rag8 24. Rg1 Nf8 25. Ba3 Ng6 26. Bd6 Qd8 27. Nxg6+ Rxg6
28. Bh2 Qe7 29. Qe1 Bg7 30. Rd1 Qa3 31. c5 Bh6 32. Qc3 1-0

[Event "BL 1415 Schachfr. Berlin - Turm Emsdett"]
[Site "?"]
[Date "2015.04.12"]
[Round "15.1"]
[White "Swiercz, Dariusz"]
[Black "Kraemer, Martin"]
[Result "1-0"]
[WhiteElo "2622"]
[BlackElo "2576"]
[PlyCount "69"]
[EventDate "2015.??.??"]

1. e4 c5 2. Nf3 d6 3. d4 cxd4 4. Nxd4 Nf6 5. Nc3 a6 6. h3 e6 7. g4 b5 8. Bg2
Bb7 9. O-O Nfd7 10. a4 bxa4 11. Rxa4 Be7 12. Be3 Nc5 13. Ra2 Nc6 14. Nxc6 Bxc6
15. Qa1 Bb7 16. Rd1 Nd7 17. Bf4 Qb8 18. Ra5 O-O 19. Qa3 e5 20. Be3 Rc8 21. Rd2
Bd8 22. Ra4 Nc5 23. Rc4 Bb6 24. Rb4 Qc7 25. Rxb6 Qxb6 26. b4 a5 27. bxc5 dxc5
28. Nd5 Bxd5 29. exd5 a4 30. d6 Ra6 31. Rd5 Rd8 32. Bxc5 Qb1+ 33. Kh2 Qxc2 34.
Qb4 Raa8 35. Rd2 1-0

[Event "BL 1415 Schachfr. Berlin - Turm Emsdett"]
[Site "?"]
[Date "2015.04.12"]
[Round "15.2"]
[White "Piorun, Kacper"]
[Black "Pruijssers, Roeland"]
[Result "0-1"]
[WhiteElo "2546"]
[BlackElo "2504"]
[PlyCount "52"]
[EventDate "2015.??.??"]

1. Nf3 f5 2. d4 Nf6 3. g3 g6 4. Bg2 Bg7 5. O-O O-O 6. c4 d6 7. Nc3 Qe8 8. Re1
Qf7 9. e4 fxe4 10. Nxe4 Nc6 11. Neg5 Qxc4 12. Bf1 Qd5 13. b3 Qa5 14. Bd2 Qb6
15. Bf4 e5 16. dxe5 Ng4 17. exd6 Qxf2+ 18. Kh1 Nd4 19. Bc4+ Kh8 20. h3 Nxf3 21.
Nxf3 g5 22. Rf1 gxf4 23. hxg4 Qxg3 24. Nh2 f3 25. Rg1 Qh4 26. Qd5 Bd7 0-1

[Event "BL 1415 Schachfr. Berlin - Turm Emsdett"]
[Site "?"]
[Date "2015.04.12"]
[Round "15.3"]
[White "Burg, Twan"]
[Black "Michalik, Peter"]
[Result "1-0"]
[WhiteElo "2502"]
[BlackElo "2551"]
[PlyCount "79"]
[EventDate "2015.??.??"]

1. c4 e5 2. Nc3 Nf6 3. Nf3 Nc6 4. e4 d6 5. d4 Bg4 6. d5 Nd4 7. Be2 Bxf3 8. Bxf3
c5 9. dxc6 bxc6 10. O-O Be7 11. b4 O-O 12. Rb1 Qd7 13. a4 c5 14. bxc5 dxc5 15.
Bg5 Rab8 16. Bxf6 Bxf6 17. Bg4 Qc6 18. Qd3 g6 19. Rxb8 Rxb8 20. Rb1 Rxb1+ 21.
Qxb1 Qa6 22. Qd3 Kg7 23. Bd1 Qb6 24. g3 h5 25. h4 Qb2 26. Nd5 Bd8 27. Kg2 Ba5
28. Ne3 Bd2 29. Nc2 Bc3 30. Nxd4 Bxd4 31. Qc2 Qb4 32. Kf1 Kf8 33. Qb3 Ke7 34.
Qd3 Kd6 35. Kg2 Kc7 36. Qf3 Kb6 37. Qxf7 Qe1 38. a5+ Ka6 39. Qf6+ Kxa5 40. Qd8+
1-0

[Event "BL 1415 Schachfr. Berlin - Turm Emsdett"]
[Site "?"]
[Date "2015.04.12"]
[Round "15.4"]
[White "Schneider, Ilja"]
[Black "Van Foreest, Jorden"]
[Result "1/2-1/2"]
[WhiteElo "2507"]
[BlackElo "2499"]
[PlyCount "87"]
[EventDate "2015.??.??"]

1. b3 e5 2. Bb2 Nc6 3. e3 Nf6 4. Bb5 Bd6 5. Ne2 O-O 6. O-O a6 7. Bxc6 dxc6 8.
f4 exf4 9. Nxf4 Nd5 10. Nxd5 cxd5 11. Qh5 c6 12. Nc3 Qe7 13. Ne2 Qe4 14. Qg5
Qg4 15. Qxg4 Bxg4 16. Nd4 Be5 17. Rab1 Rfe8 18. Nf5 Rad8 19. Bxe5 Rxe5 20. Nd4
c5 21. Nf3 Bxf3 22. Rxf3 d4 23. exd4 cxd4 24. Rd3 Red5 25. Re1 Kf8 26. Kf2 b5
27. Re4 b4 28. Ke2 R8d6 29. Rf3 Ra5 30. Rff4 Rxa2 31. Rxd4 Rxd4 32. Rxd4 Rxc2
33. Rxb4 Rc6 34. Re4 h5 35. Rb4 Ke7 36. Rb7+ Ke6 37. b4 g6 38. Ke3 Rc4 39. h3
h4 40. Rb6+ Ke5 41. Rxa6 Re4+ 42. Kf3 Rf4+ 43. Ke3 Re4+ 44. Kf3 1/2-1/2

[Event "BL 1415 Schachfr. Berlin - Turm Emsdett"]
[Site "?"]
[Date "2015.04.12"]
[Round "15.5"]
[White "Hector, Jonny"]
[Black "Dann, Matthias"]
[Result "1-0"]
[WhiteElo "2486"]
[BlackElo "2475"]
[PlyCount "69"]
[EventDate "2015.??.??"]

1. e4 c5 2. Nc3 a6 3. Nf3 d6 4. d4 cxd4 5. Nxd4 Nf6 6. Bg5 e6 7. f4 h6 8. Bh4
Be7 9. Qf3 Nbd7 10. O-O-O Qc7 11. f5 e5 12. Nde2 b5 13. Bxf6 Nxf6 14. Nd5 Nxd5
15. exd5 Qc4 16. Kb1 Bf6 17. Ng3 Qf4 18. Qd3 Ke7 19. Re1 Bd7 20. Be2 Rhc8 21.
Rhf1 Qb4 22. c3 Qa4 23. Ne4 Rab8 24. Rc1 Qa5 25. Qd2 Qb6 26. g4 b4 27. c4 a5
28. Rfd1 Ba4 29. b3 Bd7 30. c5 Rxc5 31. Rxc5 dxc5 32. d6+ Kd8 33. Nxf6 gxf6 34.
Qxh6 Kc8 35. Qxf6 1-0

[Event "BL 1415 Schachfr. Berlin - Turm Emsdett"]
[Site "?"]
[Date "2015.04.12"]
[Round "15.6"]
[White "Berndt, Stephan"]
[Black "Janssen, Ruud"]
[Result "1/2-1/2"]
[WhiteElo "2435"]
[BlackElo "2468"]
[PlyCount "53"]
[EventDate "2015.??.??"]

1. e4 e5 2. Nf3 Nc6 3. Bb5 a6 4. Ba4 Nf6 5. O-O Be7 6. Re1 b5 7. Bb3 d6 8. c3
O-O 9. h3 Bb7 10. d4 Re8 11. Ng5 Rf8 12. Nf3 Re8 13. Nbd2 Bf8 14. a3 g6 15. Bc2
Bg7 16. Nb3 exd4 17. cxd4 a5 18. d5 a4 19. dxc6 axb3 20. cxb7 bxc2 21. Qxc2 Rb8
22. Bg5 Rxb7 23. e5 dxe5 24. Nxe5 Rb6 25. Ng4 Rxe1+ 26. Rxe1 Qd7 27. Nxf6+
1/2-1/2

[Event "BL 1415 Schachfr. Berlin - Turm Emsdett"]
[Site "?"]
[Date "2015.04.12"]
[Round "15.7"]
[White "Fiebig, Thomas"]
[Black "Abel, Dennes"]
[Result "0-1"]
[WhiteElo "2425"]
[BlackElo "2424"]
[PlyCount "42"]
[EventDate "2015.??.??"]

1. e4 c6 2. d4 d5 3. exd5 cxd5 4. c4 Nf6 5. Nc3 Nc6 6. Bg5 Be6 7. a3 Qd7 8. Be2
Rd8 9. Bxf6 exf6 10. c5 g5 11. b4 a6 12. g3 Bg7 13. Bf3 O-O 14. Nge2 Bh3 15.
Qd2 Qf5 16. Bxd5 Rxd5 17. Nxd5 Qxd5 18. O-O-O f5 19. Kb2 Bg4 20. Nc3 Qxd4 21.
Qxd4 Nxd4 0-1

[Event "BL 1415 Schachfr. Berlin - Turm Emsdett"]
[Site "?"]
[Date "2015.04.12"]
[Round "15.8"]
[White "Thiede, Lars"]
[Black "Richter, Christian"]
[Result "1/2-1/2"]
[WhiteElo "2442"]
[BlackElo "2370"]
[PlyCount "150"]
[EventDate "2015.??.??"]

1. Nf3 Nf6 2. c4 g6 3. Nc3 Bg7 4. d4 O-O 5. e4 d6 6. Be2 Na6 7. O-O e5 8. Be3
c6 9. d5 c5 10. Ne1 Nd7 11. a3 f5 12. Nd3 f4 13. Bd2 Nf6 14. b4 b6 15. bxc5
bxc5 16. Rb1 g5 17. f3 h5 18. h3 Rf7 19. Nf2 Bf8 20. Rb2 Rg7 21. Be1 Nc7 22.
Qd3 Nce8 23. Bd1 g4 24. fxg4 hxg4 25. hxg4 Nxg4 26. Nxg4 Bxg4 27. Bxg4 Rxg4 28.
Qh3 Qg5 29. g3 Nf6 30. Rg2 Re8 31. Rff2 f3 32. Rxf3 Nxe4 33. Nxe4 Rxe4 34. Bd2
Qg4 35. Qxg4+ Rxg4 36. Rc3 Rb8 37. Bc1 Bg7 38. Kh2 Kf7 39. Kh3 Rd4 40. Rf2+ Kg6
41. Kg2 Rd1 42. Rcc2 Rb3 43. Rf3 Rb1 44. Be3 Rd3 45. Bd2 Rxf3 46. Kxf3 Rb3+ 47.
Kg4 Rxa3 48. Bg5 Bf6 49. Bxf6 Kxf6 50. Rh2 Kg6 51. Rh8 Rc3 52. Rd8 Rxc4+ 53.
Kh3 Rd4 54. Rxd6+ Kg5 55. Ra6 Rxd5 56. Rxa7 Rd1 57. Rc7 Rc1 58. Kg2 Kf5 59. Kf2
Rc3 60. Ke2 Ke6 61. Kd2 Kd6 62. Rg7 Ra3 63. g4 Rg3 64. g5 Kd5 65. Rg8 Kd4 66.
Ke2 c4 67. g6 Rg2+ 68. Kf3 Rg1 69. g7 Kc3 70. Ke4 Rg5 71. Kf3 Kc2 72. Ke3 c3
73. Ke4 Rg3 74. Kxe5 Kc1 75. Rc8 Rxg7 1/2-1/2

[Event "BL 1415 USV TU Dresden - Werder Bremen"]
[Site "?"]
[Date "2015.04.12"]
[Round "15.3"]
[White "Nyback, Tomi"]
[Black "Gajewski, Grzegorz"]
[Result "1/2-1/2"]
[WhiteElo "2614"]
[BlackElo "2636"]
[PlyCount "61"]
[EventDate "2015.??.??"]

1. d4 Nf6 2. c4 e6 3. g3 d5 4. Nf3 Be7 5. Bg2 O-O 6. O-O dxc4 7. Qc2 a6 8. Qxc4
b5 9. Qc2 Bb7 10. Bd2 Be4 11. Qc1 Qc8 12. Bg5 Nbd7 13. Nbd2 Bb7 14. Nb3 a5 15.
Bxf6 Bxf6 16. Nc5 Nxc5 17. Qxc5 Rd8 18. Rac1 Bd5 19. Ne5 Bxe5 20. dxe5 Bxg2 21.
Kxg2 Qb7+ 22. Kg1 Rd7 23. Rfd1 Rad8 24. Rxd7 Rxd7 25. f3 h6 26. Kf2 Rd2 27. Ke1
Rxb2 28. Qd4 Rxa2 29. Qd8+ Kh7 30. Qd3+ Kg8 31. Qd8+ 1/2-1/2

[Event "BL 1415 USV TU Dresden - Werder Bremen"]
[Site "?"]
[Date "2015.04.12"]
[Round "15.4"]
[White "Maiwald, Jens-Uwe"]
[Black "Babula, Vlastimil"]
[Result "1/2-1/2"]
[WhiteElo "2456"]
[BlackElo "2541"]
[PlyCount "41"]
[EventDate "2015.??.??"]

1. g3 c5 2. Bg2 g6 3. d3 Bg7 4. e4 Nc6 5. f4 d6 6. Nf3 f5 7. O-O Nf6 8. Nc3 O-O
9. Kh1 Kh8 10. Be3 Be6 11. Qd2 Qd7 12. Ng5 Bg8 13. Rae1 Rad8 14. b3 b6 15. Bg1
Ng4 16. Nd5 e6 17. Ne3 Nxe3 18. Bxe3 Bf6 19. Nf3 fxe4 20. dxe4 e5 21. fxe5
1/2-1/2

[Event "BL 1415 USV TU Dresden - Werder Bremen"]
[Site "?"]
[Date "2015.04.12"]
[Round "15.5"]
[White "Bluebaum, Matthias"]
[Black "Loxine, Jakov"]
[Result "1-0"]
[WhiteElo "2586"]
[BlackElo "2408"]
[PlyCount "141"]
[EventDate "2015.??.??"]

1. d4 Nf6 2. c4 g6 3. Nc3 Bg7 4. e4 d6 5. Nf3 O-O 6. Be2 e5 7. Be3 exd4 8. Nxd4
Re8 9. f3 c6 10. Bf2 d5 11. exd5 cxd5 12. O-O Nc6 13. c5 Bf8 14. Bb5 Bd7 15.
Nb3 Rc8 16. Nxd5 Nxd5 17. Qxd5 Be6 18. Qxd8 Rexd8 19. Bxc6 bxc6 20. Nd4 Bxc5
21. Nxe6 Bxf2+ 22. Rxf2 fxe6 23. Rc1 Rb8 24. b3 Rd6 25. Rfc2 Rb6 26. Rc5 Ra6
27. a4 Rb6 28. R1c3 a6 29. Kf2 Kf7 30. a5 Rb5 31. Rxb5 cxb5 32. Rc7+ Kf6 33.
Rxh7 Rd3 34. Ra7 Rxb3 35. Rxa6 Rb2+ 36. Kg3 Ra2 37. Ra8 b4 38. Rb8 Rxa5 39.
Rxb4 Ra2 40. h4 Rc2 41. Kh3 Rc3 42. Kg4 Rc2 43. g3 Rc3 44. Kf4 Rc5 45. Re4 Rf5+
46. Ke3 Ra5 47. g4 Ra3+ 48. Kf4 Ra5 49. Kg3 Rb5 50. Ra4 Rb7 51. Kf4 Rc7 52. Ke4
Rb7 53. Kf4 Rc7 54. g5+ Kf7 55. Kg4 Kg7 56. Re4 Rc6 57. Rf4 Rc1 58. Rb4 Rc7 59.
Rb6 Re7 60. f4 Kf7 61. h5 gxh5+ 62. Kxh5 Kg7 63. g6 Re8 64. Kg5 Kg8 65. Ra6 Kg7
66. Ra7+ Kg8 67. Kf6 Rf8+ 68. Rf7 Rxf7+ 69. gxf7+ Kf8 70. Kxe6 Kg7 71. Ke7 1-0

[Event "BL 1415 USV TU Dresden - Werder Bremen"]
[Site "?"]
[Date "2015.04.12"]
[Round "15.6"]
[White "Wegener, Dirk"]
[Black "Smerdon, David"]
[Result "0-1"]
[WhiteElo "2360"]
[BlackElo "2521"]
[PlyCount "96"]
[EventDate "2015.??.??"]

1. e4 d5 2. exd5 Nf6 3. d4 Bg4 4. Bb5+ Nbd7 5. f3 Bf5 6. c4 e6 7. dxe6 Bxe6 8.
d5 Bf5 9. Nc3 Bc5 10. Qe2+ Qe7 11. Bf4 O-O-O 12. Qxe7 Bxe7 13. Nge2 Nc5 14. O-O
a6 15. Ba4 Bd3 16. Bb3 b5 17. cxb5 axb5 18. Rfc1 Bxe2 19. Nxe2 Nxd5 20. Bg3 Nd3
21. Rd1 Ne3 22. Rdb1 Bc5 23. Kh1 h5 24. h4 Nf5 25. Bxf7 Rh6 26. a4 Rd7 27. Bg8
Re7 28. b4 Rxe2 29. bxc5 Nxg3+ 30. Kh2 Rg6 31. Rg1 Ne5 32. Ra3 b4 33. Rb3 Nf1+
34. Rxf1 Rgxg2+ 35. Kh3 Ng6 36. f4 Rh2+ 37. Kg3 Nxh4 38. Be6+ Kd8 39. Bh3 Ng6
40. Rd3+ Ke8 41. Re3+ Rxe3+ 42. Kxh2 b3 43. Bf5 Nh4 44. Bh7 g6 45. a5 Kf7 46.
Rd1 b2 47. Rb1 Rb3 48. a6 Kg7 0-1

[Event "BL 1415 USV TU Dresden - Werder Bremen"]
[Site "?"]
[Date "2015.04.12"]
[Round "15.7"]
[White "Markgraf, Alexander"]
[Black "Hoffmann, Paul"]
[Result "1/2-1/2"]
[WhiteElo "2496"]
[BlackElo "2358"]
[PlyCount "51"]
[EventDate "2015.??.??"]

1. e4 c5 2. Nf3 d6 3. d4 cxd4 4. Nxd4 Nf6 5. Nc3 Nc6 6. Bg5 Qb6 7. Bxf6 gxf6 8.
Nb3 e6 9. Qd2 a6 10. O-O-O Bd7 11. f4 O-O-O 12. Be2 h5 13. Rhf1 Be7 14. Rf3
Rdg8 15. Bf1 Kb8 16. Rd3 Bc8 17. Kb1 h4 18. a3 Rg4 19. Na4 Qc7 20. Qe3 b5 21.
Nb6 Qa7 22. Rc3 Bb7 23. Nd7+ Ka8 24. Nb6+ Kb8 25. Nd7+ Ka8 26. Nb6+ 1/2-1/2

[Event "BL 1415 USV TU Dresden - Werder Bremen"]
[Site "?"]
[Date "2015.04.12"]
[Round "15.8"]
[White "Neef, Maximilian"]
[Black "Kardoeus, David"]
[Result "1-0"]
[WhiteElo "2359"]
[BlackElo "2108"]
[PlyCount "71"]
[EventDate "2015.??.??"]

1. Nf3 Nf6 2. c4 c5 3. Nc3 d6 4. g3 b6 5. Bg2 Bb7 6. O-O e6 7. d4 Be7 8. d5
exd5 9. cxd5 b5 10. Nxb5 Bxd5 11. Bg5 Nbd7 12. Re1 Qb6 13. e4 Be6 14. Nxd6+
Bxd6 15. e5 Be7 16. exf6 Nxf6 17. Ne5 O-O 18. Nc6 Bd8 19. b3 h6 20. Bf4 Rc8 21.
Qd6 Nd5 22. Bxd5 Bxd5 23. Nxa7 Qxa7 24. Qxd5 Bf6 25. Be5 Rfd8 26. Qc4 Bxe5 27.
Rxe5 Qa3 28. Re7 Rf8 29. Re2 Rc7 30. Rc1 Rd8 31. Rec2 Rd4 32. Qb5 Kh7 33. Rxc5
Rxc5 34. Rxc5 Qxa2 35. Rc1 Qb2 36. Qf5+ 1-0

[Event "BL 1415 SV Hockenheim - SG Solingen"]
[Site "?"]
[Date "2015.04.12"]
[Round "15.1"]
[White "Ragger, Markus"]
[Black "Moiseenko, Alexander"]
[Result "1/2-1/2"]
[WhiteElo "2664"]
[BlackElo "2697"]
[PlyCount "40"]
[EventDate "2015.??.??"]

1. d4 Nf6 2. c4 e6 3. Nf3 Bb4+ 4. Bd2 Qe7 5. g3 Bxd2+ 6. Qxd2 Nc6 7. e3 d5 8.
Bg2 dxc4 9. O-O O-O 10. Qc3 Rb8 11. Qxc4 e5 12. dxe5 Nxe5 13. Nxe5 Qxe5 14. Qc3
Qxc3 15. Nxc3 c6 16. h3 Be6 17. f4 Rfd8 18. Rfd1 Kf8 19. Kf2 Ke7 20. e4 Nd7
1/2-1/2

[Event "BL 1415 SV Hockenheim - SG Solingen"]
[Site "?"]
[Date "2015.04.12"]
[Round "15.2"]
[White "Saric, Ivan"]
[Black "L'Ami, Erwin"]
[Result "1/2-1/2"]
[WhiteElo "2636"]
[BlackElo "2632"]
[PlyCount "92"]
[EventDate "2015.??.??"]

1. e4 e5 2. Nf3 Nc6 3. Bc4 Bc5 4. O-O Nf6 5. d3 O-O 6. h3 d6 7. c3 Ne7 8. Bg5
Kh8 9. d4 Bb6 10. Re1 Nd7 11. Qc1 c6 12. Bb3 Bc7 13. dxe5 dxe5 14. Rd1 Qe8 15.
Nbd2 Nc5 16. Bc2 Ne6 17. Be3 Ng6 18. g3 Ngf4 19. gxf4 exf4 20. Bd4 f6 21. b4
Qh5 22. Bd3 b6 23. Bf1 c5 24. bxc5 bxc5 25. Bg2 Bb6 26. Nc4 cxd4 27. cxd4 Ng5
28. Qxf4 Bxh3 29. Nh2 Rae8 30. Nxb6 axb6 31. f3 Ne6 32. Qg3 Bxg2 33. Kxg2 g5
34. Kh1 Nf4 35. d5 Rc8 36. Rd2 Rfd8 37. Qg1 Rc5 38. Rc1 Qh4 39. Rdc2 Nd3 40.
Rxc5 bxc5 41. Rc3 Nf2+ 42. Kg2 Nxe4 43. fxe4 Qxe4+ 44. Kh3 Qh4+ 45. Kg2 Qe4+
46. Kh3 Qh4+ 1/2-1/2

[Event "BL 1415 SV Hockenheim - SG Solingen"]
[Site "?"]
[Date "2015.04.12"]
[Round "15.3"]
[White "Nikolic, Predrag"]
[Black "Baramidze, David"]
[Result "1-0"]
[WhiteElo "2609"]
[BlackElo "2595"]
[PlyCount "85"]
[EventDate "2015.??.??"]

1. d4 Nf6 2. Nf3 d5 3. c4 e6 4. Nc3 Be7 5. Bg5 h6 6. Bh4 O-O 7. e3 Ne4 8. Bxe7
Qxe7 9. cxd5 Nxc3 10. bxc3 exd5 11. Qb3 Rd8 12. c4 dxc4 13. Bxc4 Nc6 14. Be2
Be6 15. Qxb7 Bd5 16. Qb2 Rab8 17. Qc3 Bxf3 18. gxf3 Nxd4 19. exd4 Re8 20. Qd2
Qa3 21. O-O Rb2 22. Qd3 Qa5 23. Rfe1 Qg5+ 24. Kh1 Rd2 25. f4 Qxf4 26. Qf3 Qxd4
27. Bf1 Rd8 28. Qe3 Rxf2 29. Qxd4 Rxd4 30. Re2 Rxe2 31. Bxe2 Kf8 32. Rc1 Rd2
33. Bc4 a5 34. Rf1 f6 35. Rf5 Rc2 36. Bb3 Rc1+ 37. Kg2 c5 38. h4 Ke7 39. h5 Kd6
40. Rf4 Ke5 41. Ra4 f5 42. Rxa5 Kd4 43. Ra4+ 1-0

[Event "BL 1415 SV Hockenheim - SG Solingen"]
[Site "?"]
[Date "2015.04.12"]
[Round "15.4"]
[White "Buhmann, Rainer"]
[Black "Naumann, Alexander"]
[Result "1-0"]
[WhiteElo "2591"]
[BlackElo "2548"]
[PlyCount "197"]
[EventDate "2015.??.??"]

1. Nf3 Nf6 2. c4 g6 3. Nc3 d5 4. cxd5 Nxd5 5. Qb3 Nb6 6. d4 Be6 7. Qc2 Bg4 8.
Qe4 Bxf3 9. Qxf3 c6 10. e3 Bg7 11. Be2 e5 12. dxe5 Bxe5 13. O-O O-O 14. Rd1
N8d7 15. Bd2 Qe7 16. Be1 Bg7 17. Rab1 Rfe8 18. b4 Ne5 19. Qe4 a6 20. a4 Nc8 21.
b5 axb5 22. axb5 Nd6 23. Qb4 Bf8 24. Qb3 Qe6 25. Qxe6 Rxe6 26. bxc6 bxc6 27.
Kf1 Ree8 28. Rd4 Nf5 29. Rd2 Reb8 30. Rbd1 Bb4 31. Rc2 Rd8 32. Rb1 c5 33. Ne4
Rac8 34. Ba6 Rc6 35. Bb5 Rb6 36. Be2 Rdb8 37. Rd1 c4 38. Bxc4 Rc6 39. Bd3 Bxe1
40. Rxe1 Rxc2 41. Bxc2 Rb2 42. Rc1 Kg7 43. Bd1 Rb4 44. Nc5 Rb2 45. Be2 h5 46.
h3 h4 47. Nd3 Nxd3 48. Bxd3 Ne7 49. Rc4 g5 50. Rc7 Rd2 51. Bc2 Kf6 52. Ke1 Rd6
53. Rb7 Ng6 54. Ke2 Ne5 55. Ba4 Re6 56. Bb3 Re7 57. Rb6+ Kg7 58. Rb5 f6 59. Bd5
Ng6 60. Kd3 Rd7 61. Ke4 Re7+ 62. Kd4 Rd7 63. Kc5 Ne5 64. Rb3 Ra7 65. Kd4 Ng6
66. Rb4 Rd7 67. Kc5 Ne5 68. Rb3 Ra7 69. Be4 Ra5+ 70. Kd4 Ra4+ 71. Kd5 Ra5+ 72.
Ke6 Nf7 73. f4 Ra4 74. Bd5 Ra6+ 75. Ke7 Ra7+ 76. Rb7 Rxb7+ 77. Bxb7 gxf4 78.
exf4 Nh6 79. Bc8 Ng8+ 80. Ke6 Nh6 81. Ke7 Ng8+ 82. Ke6 Nh6 83. Bd7 Kg6 84. Be8+
Kg7 85. Bh5 Ng8 86. Bd1 Nh6 87. Bb3 Kg6 88. Bc4 Kg7 89. Bd3 Ng8 90. Bf5 Nh6 91.
Bg4 Kg6 92. Bf3 Kg7 93. Bh5 Ng8 94. Bg4 Nh6 95. Bf5 Ng8 96. Kd6 Kf8 97. Be6 Ne7
98. f5 Ke8 99. Kc7 1-0

[Event "BL 1415 SV Hockenheim - SG Solingen"]
[Site "?"]
[Date "2015.04.12"]
[Round "15.5"]
[White "Handke, Florian"]
[Black "Ribli, Zoltan"]
[Result "1/2-1/2"]
[WhiteElo "2531"]
[BlackElo "2565"]
[PlyCount "111"]
[EventDate "2015.??.??"]

1. Nf3 Nf6 2. d4 d5 3. c4 e6 4. g3 Bb4+ 5. Bd2 Be7 6. Bg2 O-O 7. O-O c6 8. Qc2
b6 9. Rd1 Nbd7 10. Bf4 Ba6 11. Nbd2 Nh5 12. e4 Nxf4 13. gxf4 dxe4 14. Nxe4 Qc7
15. Ne5 Bb7 16. c5 Rad8 17. b4 Nf6 18. Ng5 h6 19. Nh3 Nd5 20. a3 a5 21. cxb6
Nxb6 22. b5 Nd5 23. bxc6 Ba8 24. f5 Bd6 25. Re1 Bxe5 26. Rxe5 Qxc6 27. Qxc6
Bxc6 28. fxe6 fxe6 29. Rxe6 Ba8 30. Rc1 Nf4 31. Nxf4 Rxf4 32. Bxa8 Rxa8 33. Rd1
Rd8 34. d5 a4 35. Re3 Rd6 36. Kf1 Kf7 37. Rd2 Rf5 38. Rd4 Rdxd5 39. Rxa4 Rd2
40. Re2 Rd1+ 41. Kg2 Rg5+ 42. Kf3 Rh1 43. Rf4+ Kg6 44. Rh4 Ra1 45. Re6+ Kh7 46.
Ra6 Rc5 47. Rh3 Ra2 48. Kg2 Rf5 49. Rf3 Rg5+ 50. Rg3 Rf5 51. Rf3 Rg5+ 52. Kf1
Ra1+ 53. Ke2 Rh1 54. Rh3 Rg2 55. a4 Rhxh2 56. Rxh2 1/2-1/2

[Event "BL 1415 SV Hockenheim - SG Solingen"]
[Site "?"]
[Date "2015.04.12"]
[Round "15.6"]
[White "Rau, Hannes"]
[Black "Appel, Ralf"]
[Result "1-0"]
[WhiteElo "2462"]
[BlackElo "2521"]
[PlyCount "57"]
[EventDate "2015.??.??"]

1. d4 Nf6 2. c4 c5 3. d5 e5 4. Nc3 d6 5. e4 Be7 6. h3 h5 7. Bd3 h4 8. Be3 Nh7
9. Nf3 Ng5 10. Qd2 Nxf3+ 11. gxf3 Nd7 12. f4 exf4 13. Bxf4 Ne5 14. Be2 Bf6 15.
Be3 g5 16. O-O-O Rg8 17. Rdg1 Rg6 18. f4 gxf4 19. Bxf4 Bd7 20. Bh5 Rxg1+ 21.
Rxg1 Ke7 22. Rf1 Bxh3 23. Bxe5 dxe5 24. d6+ Kd7 25. Qd5 Bg5+ 26. Kc2 Bxf1 27.
Qxb7+ Ke6 28. Qd5+ Kd7 29. Bg4+ 1-0

[Event "BL 1415 SV Hockenheim - SG Solingen"]
[Site "?"]
[Date "2015.04.12"]
[Round "15.7"]
[White "Andersen, Mads"]
[Black "Boguslavskyy, Oleg"]
[Result "1/2-1/2"]
[WhiteElo "2469"]
[BlackElo "2449"]
[PlyCount "102"]
[EventDate "2015.??.??"]

1. Nf3 Nf6 2. g3 b5 3. Bg2 Bb7 4. b3 e5 5. O-O d6 6. c4 bxc4 7. bxc4 Nbd7 8.
Nc3 Be7 9. Rb1 Nb6 10. d3 O-O 11. e4 Nfd7 12. Nd5 Nxd5 13. cxd5 Rb8 14. Be3 c5
15. dxc6 Bxc6 16. Bxa7 Ra8 17. Qc2 Bxe4 18. dxe4 Rxa7 19. Rfc1 Nc5 20. Ne1 Ra3
21. Rb2 Qa5 22. Bf1 g6 23. Bc4 Bg5 24. Rcb1 Kg7 25. Rb5 Qc3 26. Bd5 h5 27. Qxc3
Rxc3 28. Rb6 Rd8 29. Rd1 Rd7 30. Kg2 Be7 31. Nf3 g5 32. h3 Rc7 33. Rd2 Ra3 34.
Rc6 Rxc6 35. Bxc6 Kg6 36. Ne1 g4 37. hxg4 hxg4 38. Bd5 Ra4 39. Re2 Bg5 40. Nc2
f5 41. exf5+ Kxf5 42. Re1 Ra5 43. Rd1 Ne4 44. Bxe4+ Kxe4 45. Rxd6 Rxa2 46. Nb4
Rb2 47. Nd3 Rc2 48. Nb4 Rd2 49. Rxd2 Bxd2 50. Nc6 Bc3 51. Ne7 Bd4 1/2-1/2

[Event "BL 1415 SV Hockenheim - SG Solingen"]
[Site "?"]
[Date "2015.04.12"]
[Round "15.8"]
[White "Nekrasov, Mihail"]
[Black "Wegerle, Joerg"]
[Result "1/2-1/2"]
[WhiteElo "2393"]
[BlackElo "2426"]
[PlyCount "45"]
[EventDate "2015.??.??"]

1. e4 c5 2. Nf3 e6 3. d4 cxd4 4. Nxd4 a6 5. c4 Nf6 6. Nc3 Qc7 7. a3 Nc6 8. Be3
Be7 9. Be2 d6 10. Rc1 O-O 11. O-O Bd7 12. Nd5 exd5 13. cxd5 Rfc8 14. dxc6 bxc6
15. Qc2 c5 16. b4 Qb7 17. bxc5 Rxc5 18. Qa2 Nxe4 19. Bc4 Rf8 20. Nb3 Rh5 21.
Be2 Rd5 22. Bc4 Rh5 23. Be2 1/2-1/2